|
|
|
|
| LEADER |
01068nam a2200253 a 4500 |
| 001 |
42023 |
| 003 |
BD-DhAAL |
| 005 |
20240102113601.0 |
| 008 |
840711s1984 enka b 001 0 eng |
| 010 |
|
|
|a 84014633
|
| 020 |
|
|
|a 0631131116 :
|c $24.95
|
| 040 |
|
|
|a DLC
|c DLC
|d DLC
|d BD-DhAAL
|
| 050 |
0 |
0 |
|a HD82
|b .B324 1984
|
| 082 |
0 |
0 |
|a 338.90091724
|2 19
|
| 100 |
1 |
|
|a Basu, Kaushik.
|
| 245 |
1 |
4 |
|a The less developed economy :
|b a critique of contemporary theory /
|c Kaushik Basu.
|
| 260 |
|
|
|a Oxford [Oxfordshire] ;
|a New York, NY, USA :
|b B. Blackwell,
|c 1984.
|
| 300 |
|
|
|a x, 198 pages :
|b illustrations ;
|c 24 cm.
|
| 504 |
|
|
|a Includes bibliographical references (p. 185-194) and indexes.
|
| 541 |
|
|
|a Complimentary copy from Professor Dr. Nasreen Khundker
|e 42023
|
| 650 |
|
0 |
|a Economic development.
|
| 942 |
|
|
|2 ddc
|c BK
|
| 999 |
|
|
|c 46269
|d 46269
|
| 952 |
|
|
|0 0
|1 0
|2 ddc
|4 0
|6 338_900917240000000_BAS
|7 0
|9 74897
|a BRACUL
|b BRACUL
|c GEN
|d 2024-01-02
|e Complimentary copy from Professor Dr. Nasreen Khundker
|g 3310.03
|l 0
|o 338.90091724 BAS
|p 3010042023
|r 2024-01-02
|t 1
|w 2024-01-02
|y BK
|x $30.11
|